Statistiken für Bekannte Persönlichkeiten aus Bremen

Klicken Sie hier um das Quiz zu spielen!

Allgemein

  • Dieses Quiz wurde 59 mal gespielt
  • Das Durchschnittsergebnis liegt bei 5 aus 20

Antwortstatistiken

GeburtsjahrGeburtsortHinweisPerson% Korrekt
1981Gröpelingen (Bremen)Satiriker und Moderator ("Neo Magazin Royale")Jan Böhmermann
79%
1988BremenTennisspielerin, 2016 Nummer 1 der Weltrangliste, 2018 Wimbledon-SiegerinAngelique Kerber
75%
1914Schwachhausen (Bremen)Von 1979 bis 1984 fünfter BundespräsidentKarl Carstens
55%
1921BremenFernsehmoderator und Schauspieler, präsentierte "Einer wird gewinnen"Hans-Joachim Kulenkampff
51%
1929Sebaldsbrück (Bremen)Bandleader und Komponist, hatte mehr Alben in den deutschen Charts als jeder andere Künstler (110)James Last
42%
1905Lehe (Bremerhaven)Sängerin ("Lili Marleen", "Ein Schiff wird kommen") und SchauspielerinLale Andersen
36%
1965BremenTV-und Radiomoderator und Stadionsprecher vom SV WerderArnd Zeigler
26%
1969 / 1964BremenSchwester und Bruder, Schauspieler und Musiker, zusammen u.a. im Märchenfilm "Die kleine Meerjungfrau" zu sehen{Meret} & {Ben Becker}
23%
1950Bremenehemaliger Fußballtorwart, mit 444 Einsätzen Rekordspieler und Ehrenspielführer des SV WerderDieter Burdenski
21%
1963BremerhavenSchauspieler (u.a. in "Comedian Harmonists", "Der Untergang")Heino Ferch
19%
1963BremenFernsehmoderatorin, bekannt durch die nach ihr benannte Talkshow (über 1500 Ausgaben zwischen 1995 und 2002)Bärbel Schäfer
15%
1961BremenAutor (Herr Lehmann) und Musiker (Element of Crime)Sven Regener
15%
1930BremenSchlagersänger mit 2 Nummer 1-Liedern in den 1960er-Jahren ("Kleine Annabell" und "Oh My Darling Caroline")Ronny
11%
1950BremenSchauspielerin und Sängerin, die unter anderem Hildegard von Bingen, Rosa Luxemburg und Hannah Arendt verkörperteBarbara Sukowa
8%
1858BremenHistoriker und Politiker, 1927 mit dem Friedensnobelpreis ausgezeichnet wurdeLudwig Quidde
8%
1878BremenBildhauerin und Malerin, Ehefrau von Rainer-Maria RilkeClara Rilke-Westhoff
6%
1951BremenSchauspielerin ("Büro, Büro", "Kaisermühlen Blues")Elfi Eschke
4%
1869BremenArchitekt, Stadtplaner und Mitbegründer des Deutschen WerkbundesFritz Schumacher
4%
1877BremenSchüler von Freud und Wegbereiter der Psychoanalyse in DeutschlandKarl Abraham
2%
1957BremenKabarettist, Musiker, Schauspieler und Autor, Professor Schmitt-HindemithPiet Klocke
2%

Verteilung der Resultate

Perzentil nach korrekt beantworteten Fragen

Anzahl Personen mit jedem Resultat

Ihre Resultats-Entwicklung

Sie haben dieses Quiz noch nicht gespielt